LEADER 01254nam a2200241 i 4500 001 000000233251 003 CaOOAMICUS 005 20210503105010.0 008 140917s1709 it u000 u mul u 013 $a212154 026 $aBEUR S.te .*** A.** (C) 1709 (R) 040 $aSeMil$bita 245 10$aTomus ultimus, continens Psalmorum, Jobi, ac tres Salomonis libros, cum apocrypha ejusdem, nec non Siracidae Sapientia. 300 $a236 p. 500 $aSegn.: pg2 a-i2 A-3C2 773 0 $tSeptuaginta interpretum. Tomus 1. [-ultimus]. Continens Octateuchum; quem ex antiquissimo MS. codice Alexandrino accurate descriptum, et ope aliorum exemplarium, ac priscorum scriptorum ... summa cura edidit Joannes Ernestus Grabe S.T.P.$dOxonii : E Theatro Sheldoniano : Prostant venales apud Richardum Smith, bibliopolam, in Cambio Exoniensi, 1707-1720.$g4$w()30543 850 $aSeMil 852 $aSeMil$W1$xVenegono$y1$m2Y II 17 FA$j183597$B183597$CSeMilBibl$Z2$F194363 $8I 941 1 $a10 961 $aRecupero: Mantegazza 961 $aLegato in 2 tomi 996 $6245$aTomus ultimus, continens Psalmorum, Jobi, ac tres Salomonis libros, cum apocrypha ejusdem, nec non Siracidae Sapientia$9(OLS)http://semarc/title/332844 LEADER 01077nam a2200253 i 4500 001 000000182487 003 CaOOAMICUS 005 20220413160221.0 008 091024s2000 it u000 u ita u 013 $a160442 020 $a88-8542-123-7 040 $aSeMil$bita 100 1 $aGiorgini, Fabiano,$c.$0(OLS)http://semarc/name/1385 245 10$a2.2: Soppressione, ripristinazione, espansione :$b1796-1839 /$cFabiano Giorgini. 264 3$aRoma :$bCIPI,$c2000. 300 $a442 p., [4] c. di tav. :$britratto ;$c24 cm 773 0 $tStoria della Congregazione della Passione di Gesù Cristo.$dPescara : Stauròs, 1981.$g2.2$w()1535 850 $aSeMil 852 $aSeMil$W1$xVenegono$y1$m3C VI 126$j133191$B133191$CSeMilBibl$Z2$F144973 $81 961 $aOmaggio: Autore 996 $6020$a88-8542-123-7$9(OLS)http://semarc/number/172094 996 $6245$a2.2: Soppressione, ripristinazione, espansione :$b1796-1839$9(OLS)http://semarc/title/261816 996 $6264$aRoma :$bCIPI$9(OLS)http://semarc/publisher/33307